000
00317nam a22001457a 4500
008
221109b ||||| |||| 00| 0 eng d
020
_a
2740334658611
041
_a
eng
080
_a
61
082
_a
61 ROV
100
_a
4
101
_a
MJK
245
_a
CHRONIC DISEASE EPIDEMIOLOGY
_c
ROVITO M
942
_2
udc
_c
BK
999
_c
58833
_d
58833